[Event "DVM U10 2020"]
[Site "Magdeburg GER"]
[Date "2021.08.07"]
[Round "3"]
[White "Schriefer, Leo Hans"]
[Black "Zimmer, Tim"]
[Result "1-0"]
[Termination "normal"]
[Board "4.2"]
[WhiteElo "1037"]
[BlackElo "1013"]
[WhiteClock "00:04:40"]
[BlackClock "00:07:44"]
[WhiteTeam "TSG Oberschöneweide e.V."]
[BlackTeam "SV Werder Bremen"]
[PlyCount "75"]
[WhiteFideId "16266935"]
[BlackFideId "34603115"]
[EventCountry "GER"]
[EventRounds "7"]
[EventType "team-swiss"]
[EventDate "2021.08.06"]

1. e4 {[%clk 00:55:08]} {[%emt 00:00:02]} e5 {[%clk 00:54:36]} {[%emt
00:00:34]} 2. Nf3 {[%clk 00:55:07]} {[%emt 00:00:05]} Nc6 {[%clk 00:54:05]}
{[%emt 00:00:36]} 3. d4 {[%clk 00:55:08]} {[%emt 00:00:05]} exd4 {[%clk
00:53:37]} {[%emt 00:00:33]} 4. Bc4 {[%clk 00:55:08]} {[%emt 00:00:05]} Nf6
{[%clk 00:52:20]} {[%emt 00:01:21]} 5. e5 {[%clk 00:55:02]} {[%emt 00:00:12]}
Ng8 {[%clk 00:46:09]} {[%emt 00:06:16]} 6. O-O {[%clk 00:53:59]} {[%emt
00:01:07]} Bc5 {[%clk 00:45:03]} {[%emt 00:01:12]} 7. Re1 {[%clk 00:52:14]}
{[%emt 00:01:50]} Nge7 {[%clk 00:43:40]} {[%emt 00:01:29]} 8. c3 {[%clk
00:48:58]} {[%emt 00:03:21]} dxc3 {[%clk 00:40:49]} {[%emt 00:02:55]} 9. Nxc3
{[%clk 00:48:31]} {[%emt 00:00:33]} O-O {[%clk 00:39:34]} {[%emt 00:01:19]} 10.
a3 {[%clk 00:48:05]} {[%emt 00:00:31]} h6 {[%clk 00:33:37]} {[%emt 00:06:02]}
11. Qc2 {[%clk 00:26:02]} {[%emt 00:22:09]} Re8 {[%clk 00:28:42]} {[%emt
00:04:59]} 12. Ne4 {[%clk 00:17:53]} {[%emt 00:08:14]} Bb6 {[%clk 00:27:05]}
{[%emt 00:01:43]} 13. Bxh6 {[%clk 00:16:33]} {[%emt 00:01:24]} Ng6 {[%clk
00:24:43]} {[%emt 00:02:27]} 14. Bg5 {[%clk 00:15:25]} {[%emt 00:01:13]} Nce7
{[%clk 00:21:47]} {[%emt 00:03:02]} 15. Nd6 {[%clk 00:10:06]} {[%emt 00:05:24]}
Rf8 {[%clk 00:20:44]} {[%emt 00:01:07]} 16. Bxe7 {[%emt 00:01:08]} Qxe7 {[%clk
00:19:56]} {[%emt 00:00:39]} 17. Nxc8 {[%clk 00:08:39]} {[%emt 00:00:43]} Raxc8
{[%clk 00:19:41]} {[%emt 00:00:20]} 18. Qxg6 {[%clk 00:08:22]} {[%emt
00:00:22]} Bxf2+ {[%clk 00:15:41]} {[%emt 00:04:05]} 19. Kxf2 {[%clk 00:07:47]}
{[%emt 00:00:41]} Qc5+ {[%clk 00:15:36]} {[%emt 00:00:09]} 20. Re3 {[%clk
00:07:18]} {[%emt 00:00:33]} Qxc4 {[%clk 00:15:25]} {[%emt 00:00:17]} 21. Qd3
{[%clk 00:06:31]} {[%emt 00:00:53]} Qxd3 {[%clk 00:14:01]} {[%emt 00:01:29]}
22. Rxd3 {[%clk 00:06:30]} {[%emt 00:00:06]} Rcd8 {[%clk 00:13:24]} {[%emt
00:00:42]} 23. Rad1 {[%clk 00:06:22]} {[%emt 00:00:13]} d6 {[%clk 00:11:44]}
{[%emt 00:01:45]} 24. exd6 {[%clk 00:06:22]} {[%emt 00:00:04]} cxd6 {[%clk
00:11:40]} {[%emt 00:00:10]} 25. Rxd6 {[%clk 00:06:23]} {[%emt 00:00:05]} Rc8
{[%clk 00:11:37]} {[%emt 00:00:07]} 26. R1d2 {[%clk 00:06:16]} {[%emt
00:00:12]} Rc5 {[%clk 00:10:58]} {[%emt 00:00:44]} 27. Rd7 {[%clk 00:06:08]}
{[%emt 00:00:12]} Rb5 {[%clk 00:10:55]} {[%emt 00:00:09]} 28. Nd4 {[%clk
00:05:54]} {[%emt 00:00:19]} Rb6 {[%clk 00:10:44]} {[%emt 00:00:15]} 29. Kg1
{[%clk 00:05:34]} {[%emt 00:00:25]} Re8 {[%clk 00:10:34]} {[%emt 00:00:15]} 30.
Nf5 {[%clk 00:05:17]} {[%emt 00:00:23]} Rf6 {[%clk 00:10:20]} {[%emt 00:00:19]}
31. Ne7+ {[%clk 00:04:59]} {[%emt 00:00:23]} Kf8 {[%clk 00:10:08]} {[%emt
00:00:16]} 32. Re2 {[%clk 00:04:36]} {[%emt 00:00:28]} Re6 {[%clk 00:08:32]}
{[%emt 00:01:41]} 33. Rxe6 {[%clk 00:04:41]} fxe6 {[%clk 00:08:24]} {[%emt
00:00:13]} 34. Ng6+ {[%clk 00:04:40]} {[%emt 00:00:06]} Kg8 {[%clk 00:08:12]}
{[%emt 00:00:16]} 35. Ne5 {[%clk 00:04:37]} {[%emt 00:00:08]} Rc8 {[%clk
00:07:58]} {[%emt 00:00:19]} 36. Rxb7 {[%clk 00:04:34]} {[%emt 00:00:09]} Rc1+
{[%clk 00:07:50]} {[%emt 00:00:12]} 37. Kf2 {[%clk 00:04:37]} {[%emt 00:00:03]}
Rc2+ {[%clk 00:07:44]} {[%emt 00:00:11]} 38. Kg3 {[%clk 00:04:40]} {[%emt
00:00:01]} 1-0

[Event "DVM U10 2020"]
[Site "Magdeburg GER"]
[Date "2021.08.07"]
[Round "3"]
[White "Schube, Theresa"]
[Black "Meusel, Theodor"]
[Result "0-1"]
[Termination "normal"]
[Board "4.3"]
[WhiteElo "1264"]
[BlackElo "1137"]
[WhiteClock "00:09:05"]
[BlackClock "00:19:51"]
[WhiteTeam "SV Werder Bremen"]
[BlackTeam "TSG Oberschöneweide e.V."]
[PlyCount "84"]
[WhiteFideId "34608800"]
[BlackFideId "34617116"]
[EventCountry "GER"]
[EventRounds "7"]
[EventType "team-swiss"]
[EventDate "2021.08.06"]

1. e4 {[%clk 00:55:08]} {[%emt 00:00:02]} e6 {[%clk 00:55:05]} {[%emt
00:00:06]} 2. d4 {[%clk 00:55:01]} {[%emt 00:00:11]} d5 {[%clk 00:55:08]}
{[%emt 00:00:02]} 3. exd5 {[%clk 00:54:27]} {[%emt 00:00:39]} exd5 {[%clk
00:55:11]} {[%emt 00:00:02]} 4. Nf3 {[%clk 00:54:02]} {[%emt 00:00:29]} Bd6
{[%clk 00:54:55]} {[%emt 00:00:22]} 5. h3 {[%clk 00:53:36]} {[%emt 00:00:32]}
Bf5 {[%clk 00:54:32]} {[%emt 00:00:27]} 6. Bd3 {[%clk 00:52:35]} {[%emt
00:01:06]} Ne7 {[%clk 00:53:55]} {[%emt 00:00:43]} 7. O-O {[%clk 00:51:16]}
{[%emt 00:01:24]} O-O {[%clk 00:53:20]} {[%emt 00:00:39]} 8. Nc3 {[%clk
00:50:35]} {[%emt 00:00:46]} Qd7 {[%clk 00:53:04]} {[%emt 00:00:21]} 9. Bxf5
{[%clk 00:45:59]} {[%emt 00:04:41]} Qxf5 {[%clk 00:52:51]} {[%emt 00:00:18]}
10. Nb5 {[%clk 00:44:21]} {[%emt 00:01:42]} Rd8 {[%clk 00:50:24]} {[%emt
00:02:33]} 11. Re1 {[%clk 00:42:58]} {[%emt 00:01:28]} Nbc6 {[%clk 00:50:14]}
{[%emt 00:00:16]} 12. Nxd6 {[%clk 00:38:22]} {[%emt 00:04:41]} Rxd6 {[%clk
00:49:39]} {[%emt 00:00:40]} 13. b4 {[%clk 00:35:36]} {[%emt 00:02:49]} Re8
{[%clk 00:43:57]} {[%emt 00:05:48]} 14. b5 {[%clk 00:34:47]} {[%emt 00:00:53]}
Na5 {[%clk 00:43:31]} {[%emt 00:00:29]} 15. Ba3 {[%clk 00:34:05]} {[%emt
00:00:50]} Re6 {[%clk 00:42:50]} {[%emt 00:00:46]} 16. Qd2 {[%clk 00:30:42]}
{[%emt 00:03:29]} Nc4 {[%clk 00:41:42]} {[%emt 00:01:12]} 17. Qc3 {[%clk
00:29:08]} {[%emt 00:01:39]} Ng6 {[%clk 00:39:41]} {[%emt 00:02:06]} 18. Rxe6
{[%clk 00:28:07]} {[%emt 00:01:05]} Rxe6 {[%clk 00:38:52]} {[%emt 00:00:55]}
19. Nd2 {[%clk 00:27:21]} {[%emt 00:00:51]} Nf4 {[%clk 00:36:15]} {[%emt
00:02:42]} 20. Nxc4 {[%clk 00:26:16]} {[%emt 00:01:09]} Ne2+ {[%clk 00:36:08]}
{[%emt 00:00:13]} 21. Kf1 {[%clk 00:25:34]} {[%emt 00:00:47]} Nxc3 {[%clk
00:36:07]} {[%emt 00:00:07]} 22. Ne5 {[%clk 00:21:04]} {[%emt 00:04:35]} Ne4
{[%clk 00:34:48]} {[%emt 00:01:22]} 23. f3 {[%clk 00:18:28]} {[%emt 00:02:42]}
Nd2+ {[%clk 00:34:14]} {[%emt 00:00:37]} 24. Kg1 {[%clk 00:17:57]} {[%emt
00:00:38]} Qxc2 {[%clk 00:33:57]} {[%emt 00:00:22]} 25. Rc1 {[%clk 00:17:21]}
{[%emt 00:00:41]} Qxa2 {[%clk 00:33:03]} {[%emt 00:00:59]} 26. Rxc7 {[%clk
00:16:34]} {[%emt 00:00:52]} h6 {[%clk 00:32:13]} {[%emt 00:00:55]} 27. f4
{[%clk 00:15:14]} {[%emt 00:01:25]} Qxa3 {[%clk 00:31:02]} {[%emt 00:01:15]}
28. f5 {[%clk 00:14:49]} {[%emt 00:00:31]} Qa1+ {[%clk 00:29:57]} {[%emt
00:01:10]} 29. Kh2 {[%clk 00:14:36]} {[%emt 00:00:19]} Nf1+ {[%clk 00:27:45]}
{[%emt 00:02:15]} 30. Kh1 {[%emt 00:01:00]} Ng3+ {[%clk 00:27:13]} {[%emt
00:00:01]} 31. Kh2 {[%clk 00:14:12]} {[%emt 00:00:11]} Nxf5 {[%clk 00:27:13]}
{[%emt 00:00:05]} 32. Rc8+ {[%clk 00:13:50]} {[%emt 00:00:27]} Kh7 {[%clk
00:27:01]} {[%emt 00:00:16]} 33. Nxf7 {[%clk 00:13:30]} {[%emt 00:00:26]} Re1
{[%clk 00:25:22]} {[%emt 00:01:44]} 34. Rh8+ {[%clk 00:13:23]} {[%emt
00:00:12]} Kg6 {[%clk 00:25:25]} {[%emt 00:00:02]} 35. Ne5+ {[%clk 00:13:15]}
{[%emt 00:00:13]} Kh5 {[%clk 00:25:16]} {[%emt 00:00:12]} 36. g4+ {[%clk
00:12:37]} {[%emt 00:00:45]} Kg5 {[%clk 00:24:51]} {[%emt 00:00:31]} 37. gxf5
{[%clk 00:11:12]} {[%emt 00:01:29]} Qb2+ {[%clk 00:24:03]} {[%emt 00:00:52]}
38. Kg3 {[%clk 00:11:02]} {[%emt 00:00:16]} Qc3+ {[%clk 00:23:58]} {[%emt
00:00:10]} 39. Nf3+ {[%clk 00:10:24]} {[%emt 00:00:43]} Kh5 {[%clk 00:20:54]}
{[%emt 00:05:05]} 40. Kf4 {[%clk 00:10:00]} {[%emt 00:02:24]} Qe3+ {[%clk
00:20:22]} {[%emt 00:00:37]} 41. Kg3 {[%clk 00:09:40]} {[%emt 00:00:25]} Rg1+
{[%clk 00:19:56]} {[%emt 00:00:31]} 42. Kh2 {[%clk 00:09:05]} {[%emt 00:00:40]}
Qf2# {[%clk 00:19:51]} {[%emt 00:00:03]} 0-1

[Event "DVM U10 2020"]
[Site "Magdeburg GER"]
[Date "2021.08.07"]
[Round "3"]
[White "Gersemann, Karl"]
[Black "Marrufo, Adriana"]
[Result "1-0"]
[Termination "normal"]
[Board "4.4"]
[WhiteElo "1318"]
[BlackElo "844"]
[WhiteClock "00:42:59"]
[BlackClock "00:36:59"]
[WhiteTeam "TSG Oberschöneweide e.V."]
[BlackTeam "SV Werder Bremen"]
[PlyCount "71"]
[WhiteFideId "34602186"]
[BlackFideId "34630252"]
[EventCountry "GER"]
[EventRounds "7"]
[EventType "team-swiss"]
[EventDate "2021.08.06"]

1. d4 {[%clk 00:55:06]} {[%emt 00:00:03]} d5 {[%clk 00:54:59]} {[%emt
00:00:11]} 2. c4 {[%clk 00:55:08]} {[%emt 00:00:03]} e6 {[%clk 00:54:54]}
{[%emt 00:00:10]} 3. Nc3 {[%clk 00:55:08]} {[%emt 00:00:05]} Nf6 {[%clk
00:54:44]} {[%emt 00:00:14]} 4. Nf3 {[%clk 00:55:06]} {[%emt 00:00:08]} Be7
{[%clk 00:54:22]} {[%emt 00:00:27]} 5. e3 {[%clk 00:54:42]} {[%emt 00:00:30]}
O-O {[%clk 00:54:04]} {[%emt 00:00:24]} 6. Be2 {[%clk 00:54:30]} {[%emt
00:00:16]} b6 {[%clk 00:53:56]} {[%emt 00:00:12]} 7. cxd5 {[%clk 00:54:24]}
{[%emt 00:00:11]} exd5 {[%clk 00:53:42]} {[%emt 00:00:17]} 8. O-O {[%clk
00:54:21]} {[%emt 00:00:10]} Bb7 {[%clk 00:53:32]} {[%emt 00:00:15]} 9. b3
{[%clk 00:53:29]} {[%emt 00:00:58]} Nbd7 {[%clk 00:53:18]} {[%emt 00:00:17]}
10. Bb2 {[%clk 00:53:18]} {[%emt 00:00:18]} c5 {[%clk 00:53:06]} {[%emt
00:00:17]} 11. dxc5 {[%clk 00:52:34]} {[%emt 00:00:49]} bxc5 {[%clk 00:52:03]}
{[%emt 00:01:07]} 12. Rc1 {[%clk 00:51:34]} {[%emt 00:01:06]} Rc8 {[%clk
00:51:43]} {[%emt 00:00:24]} 13. Qc2 {[%clk 00:50:56]} {[%emt 00:00:43]} c4
{[%clk 00:50:16]} {[%emt 00:01:31]} 14. bxc4 {[%clk 00:50:39]} {[%emt
00:00:23]} dxc4 {[%clk 00:50:07]} {[%emt 00:00:13]} 15. Rfd1 {[%clk 00:50:22]}
{[%emt 00:00:24]} Rc6 {[%clk 00:48:16]} {[%emt 00:01:55]} 16. Nd4 {[%clk
00:50:07]} {[%emt 00:00:20]} Rd6 {[%clk 00:47:59]} {[%emt 00:00:22]} 17. Bxc4
{[%clk 00:49:56]} {[%emt 00:00:16]} Ne8 {[%clk 00:47:05]} {[%emt 00:00:59]} 18.
Bd3 {[%clk 00:49:18]} {[%emt 00:00:44]} Bh4 {[%clk 00:46:37]} {[%emt 00:00:31]}
19. Bxh7+ {[%clk 00:48:51]} {[%emt 00:00:33]} Kh8 {[%clk 00:46:12]} {[%emt
00:00:30]} 20. Be4 {[%clk 00:48:25]} {[%emt 00:00:31]} Rg6 {[%clk 00:44:47]}
{[%emt 00:01:29]} 21. Bxb7 {[%clk 00:47:58]} {[%emt 00:00:34]} Qg5 {[%clk
00:44:11]} {[%emt 00:00:41]} 22. f4 {[%clk 00:47:19]} {[%emt 00:00:43]} Qg4
{[%clk 00:43:16]} {[%emt 00:00:59]} 23. Bf3 {[%clk 00:46:56]} {[%emt 00:00:29]}
Qxf3 {[%clk 00:42:42]} {[%emt 00:00:37]} 24. Nxf3 {[%clk 00:46:54]} {[%emt
00:00:10]} Nef6 {[%clk 00:41:28]} {[%emt 00:01:18]} 25. Nxh4 {[%clk 00:46:44]}
{[%emt 00:00:14]} Rg4 {[%clk 00:41:03]} {[%emt 00:00:31]} 26. g3 {[%clk
00:46:12]} {[%emt 00:00:37]} Re8 {[%clk 00:40:30]} {[%emt 00:00:37]} 27. Kf2
{[%clk 00:45:57]} {[%emt 00:00:22]} Nc5 {[%clk 00:40:05]} {[%emt 00:00:30]} 28.
Rd4 {[%clk 00:45:34]} {[%emt 00:00:28]} Ne6 {[%clk 00:39:15]} {[%emt 00:00:55]}
29. Rb4 {[%clk 00:44:35]} {[%emt 00:01:03]} Nc5 {[%clk 00:38:40]} {[%emt
00:00:39]} 30. Rd1 {[%clk 00:43:24]} {[%emt 00:01:17]} Nfe4+ {[%clk 00:38:23]}
{[%emt 00:00:22]} 31. Nxe4 {[%clk 00:43:18]} {[%emt 00:00:12]} Nxe4+ {[%clk
00:38:16]} {[%emt 00:00:12]} 32. Rxe4 {[%clk 00:43:13]} {[%emt 00:00:09]} Rf8
{[%clk 00:37:28]} {[%emt 00:00:48]} 33. Re5 {[%clk 00:43:06]} {[%emt 00:00:18]}
f6 {[%clk 00:37:14]} {[%emt 00:00:12]} 34. Rh5+ {[%clk 00:43:06]} {[%emt
00:00:11]} Kg8 {[%clk 00:36:59]} {[%emt 00:00:18]} 35. Qc4+ {[%clk 00:42:59]}
{[%emt 00:00:15]} Rf7 {[%emt 00:00:14]} 36. Rd8# {[%clk 00:42:59]} 1-0

[Event "DVM U10 2020"]
[Site "Magdeburg GER"]
[Date "2021.08.07"]
[Round "3"]
[White "Fischer, Lorenz"]
[Black "Xue, Luka"]
[Result "1-0"]
[Termination "normal"]
[Board "5.1"]
[WhiteElo "1164"]
[BlackElo "1496"]
[WhiteTeam "Schachfreunde Tegernheim"]
[BlackTeam "Düsseldorfer Schachverein 1854"]
[PlyCount "95"]
[WhiteFideId "16296710"]
[BlackFideId "16277252"]
[EventCountry "GER"]
[EventRounds "7"]
[EventType "team-swiss"]
[EventDate "2021.08.06"]

1. e4 e6 2. d4 d5 3. exd5 exd5 4. c4 Bb4+ 5. Nc3 Nf6 6. Nf3 O-O 7. Be2 Re8 8.
O-O c6 9. Bg5 Bxc3 10. bxc3 h6 11. Bh4 Bg4 12. Ne5 Bxe2 13. Qxe2 g5 14. Bg3 Ne4
15. Qh5 Qf6 16. f4 Rxe5 17. fxe5 Qg6 18. Qxg6+ fxg6 19. Rf3 g4 20. Rf4 Nxg3 21.
hxg3 g5 22. Rf5 Nd7 23. e6 Nf8 24. e7 Ng6 25. Re1 Re8 26. cxd5 cxd5 27. Rxd5
Rxe7 28. Rxe7 Nxe7 29. Rd7 Kf8 30. Rxb7 Nc6 31. Rc7 Ne7 32. Rxe7 Kxe7 33. Kf2
Ke6 34. c4 Kd6 35. Ke3 a6 36. Ke4 Ke6 37. c5 a5 38. c6 h5 39. d5+ Kd6 40. Kf5
h4 41. Kxg4 hxg3 42. Kxg5 a4 43. Kg4 Kxd5 44. c7 Kc5 45. c8=Q+ Kb4 46. Qc2 Ka3
47. Kxg3 Kb4 48. Kf4 1-0

[Event "DVM U10 2020"]
[Site "Magdeburg GER"]
[Date "2021.08.07"]
[Round "3"]
[White "Fischer, Quirin"]
[Black "Teng, David"]
[Result "0-1"]
[Termination "normal"]
[Board "5.3"]
[WhiteElo "1085"]
[BlackElo "1380"]
[WhiteTeam "Schachfreunde Tegernheim"]
[BlackTeam "Düsseldorfer Schachverein 1854"]
[PlyCount "112"]
[WhiteFideId "34623787"]
[BlackFideId "34604570"]
[EventCountry "GER"]
[EventRounds "7"]
[EventType "team-swiss"]
[EventDate "2021.08.06"]

1. e4 c5 2. Nf3 e6 3. d4 cxd4 4. Nxd4 a6 5. Nc3 Qc7 6. Bd3 Nf6 7. O-O Nc6 8.
Nxc6 bxc6 9. Re1 Be7 10. e5 Nd5 11. Ne4 O-O 12. Qh5 g6 13. Qf3 Qxe5 14. Bh6 Re8
15. Ng5 Qf6 16. Qxf6 Bxf6 17. Rab1 Bg7 18. Bxg7 Kxg7 19. c4 Nb4 20. Bf1 Nxa2
21. Re3 Nb4 22. Rf3 Rf8 23. Ra1 d5 24. cxd5 cxd5 25. Raa3 Bb7 26. Rh3 h6 27.
Rab3 hxg5 28. Rxb4 Rfb8 29. Rbb3 Bc6 30. Rbc3 Bb5 31. Rhg3 Bxf1 32. Kxf1 Rxb2
33. Rxg5 a5 34. Ra3 Rb4 35. Rgg3 a4 36. Ke2 Rc8 37. Rgf3 Rcb8 38. Kd2 Rb1 39.
Rxa4 R8b2+ 40. Ke3 Rb3+ 41. Kf4 Rb4+ 42. Rxb4 Rxb4+ 43. Ke5 Re4+ 44. Kd6 g5 45.
h3 Kg6 46. g4 Ra4 47. Ke7 Rf4 48. Rxf4 gxf4 49. h4 d4 50. h5+ Kh6 51. Kxf7 d3
52. Kf6 d2 53. g5+ Kxh5 54. g6 d1=Q 55. g7 Qg1 56. Kf7 Qg6+

[Event "DVM U10 2020"]
[Site "Magdeburg GER"]
[Date "2021.08.07"]
[Round "3"]
[White "Kovalskyy, Alicia"]
[Black "Thanner, David"]
[Result "1-0"]
[Termination "normal"]
[Board "5.4"]
[WhiteElo "794"]
[BlackElo "902"]
[WhiteTeam "Düsseldorfer Schachverein 1854"]
[BlackTeam "Schachfreunde Tegernheim"]
[PlyCount "53"]
[WhiteFideId "34612130"]
[EventCountry "GER"]
[EventRounds "7"]
[EventType "team-swiss"]
[EventDate "2021.08.06"]

1. e4 c5 2. Nf3 Nc6 3. d4 cxd4 4. Nxd4 g6 5. Nc3 Bg7 6. Nf3 Nf6 7. Be3 e6 8.
Be2 O-O 9. Bg5 d5 10. e5 h6 11. exf6 Bxf6 12. Bxh6 Re8 13. Qd2 Qb6 14. b3 d4
15. Qf4 Bh8 16. Ne4 d3 17. Nf6+ Bxf6 18. Qxf6 Qb4+ 19. c3 Qxc3+ 20. Qxc3 f6 21.
Qxf6 Re7 22. Ng5 Bd7 23. Bxd3 Rae8 24. Bxg6 Rc8 25. Bf7+ Rxf7 26. Qxf7+ Kh8 27.
Qh7#

[Event "DVM U10 2020"]
[Site "Magdeburg GER"]
[Date "2021.08.07"]
[Round "3"]
[White "Middendorf, Sven-Jonas"]
[Black "Leitloff, Finn Leonidas"]
[Result "1-0"]
[Termination "normal"]
[Board "6.1"]
[WhiteElo "1407"]
[BlackElo "1138"]
[WhiteTeam "SV Hellas Nauen e.V."]
[BlackTeam "SV Empor Erfurt"]
[PlyCount "103"]
[WhiteFideId "16287207"]
[BlackFideId "34661905"]
[EventCountry "GER"]
[EventRounds "7"]
[EventType "team-swiss"]
[EventDate "2021.08.06"]

1. e4 e5 2. Nf3 Nc6 3. Bb5 a6 4. Ba4 Bc5 5. O-O Nf6 6. Re1 Ng4 7. Rf1 O-O 8. h3
Nf6 9. Re1 d5 10. exd5 Nxd5 11. Nxe5 Nxe5 12. d4 Bxd4 13. Qxd4 Nc6 14. Bxc6
bxc6 15. Nc3 Nf6 16. Qxd8 Rxd8 17. Bg5 Bf5 18. Re2 Rab8 19. b3 h6 20. Bf4 Rd7
21. Rae1 Rbd8 22. Be5 Rd2 23. Bxc7 Rxe2 24. Rxe2 Rd7 25. Be5 Nd5 26. Nxd5 Rxd5
27. c4 Rd1+ 28. Kh2 f6 29. Bf4 Bg6 30. Re6 Rf1 31. Be3 Kf7 32. Rxc6 Be4 33.
Rxa6 g5 34. b4 Kg6 35. Bd4 Kh5 36. Rxf6 g4 37. hxg4+ Kxg4 38. f3+ Bxf3 39.
gxf3+ Kh4 40. Rf5 Rxf3 41. Rxf3 Kg4 42. c5 Kxf3 43. c6 Ke4 44. c7 Kxd4 45. c8=Q
Ke5 46. Qc6 h5 47. b5 Kf4 48. Qd5 h4 49. b6 Kg4 50. b7 h3 51. b8=Q Kh4 52. Qg3#
1-0

[Event "DVM U10 2020"]
[Site "Magdeburg GER"]
[Date "2021.08.07"]
[Round "3"]
[White "Weißleder, Ari"]
[Black "Barthel, Jacob"]
[Result "0-1"]
[Termination "normal"]
[Board "6.2"]
[WhiteElo "1131"]
[BlackElo "1321"]
[WhiteTeam "SV Empor Erfurt"]
[BlackTeam "SV Hellas Nauen e.V."]
[PlyCount "36"]
[BlackFideId "16273346"]
[EventCountry "GER"]
[EventRounds "7"]
[EventType "team-swiss"]
[EventDate "2021.08.06"]

1. Nf3 Nf6 2. d4 d5 3. Nc3 Bf5 4. Bf4 e6 5. e3 Nbd7 6. Bd3 Bg4 7. h3 Bh5 8. g4
Bg6 9. Bxg6 hxg6 10. g5 Nh5 11. Bh2 Be7 12. h4 Nb6 13. Qd3 Bd6 14. O-O-O Nc4
15. Bxd6 Qxd6 16. e4 Qb4 17. b3 Qa3+ 18. Kb1 Qb2# 0-1

[Event "DVM U10 2020"]
[Site "Magdeburg GER"]
[Date "2021.08.07"]
[Round "3"]
[White "Fadeev, Justin Michael"]
[Black "Mantu, Elias Viorel"]
[Result "1-0"]
[Termination "normal"]
[Board "6.3"]
[WhiteElo "1293"]
[BlackElo "896"]
[WhiteTeam "SV Hellas Nauen e.V."]
[BlackTeam "SV Empor Erfurt"]
[PlyCount "37"]
[WhiteFideId "34602968"]
[BlackFideId "34601350"]
[EventCountry "GER"]
[EventRounds "7"]
[EventType "team-swiss"]
[EventDate "2021.08.06"]

1. e4 d6 2. d4 Nf6 3. Nc3 g6 4. f3 Bg7 5. Be3 Nbd7 6. Qd2 c6 7. Nge2 b5 8. Nf4
O-O 9. g4 e5 10. dxe5 dxe5 11. Nd3 a5 12. h4 Ne8 13. h5 g5 14. Bxg5 Bf6 15.
Bxf6 Nexf6 16. g5 Ne8 17. g6 h6 18. Qxh6 Ng7 19. Qh7# 1-0

[Event "DVM U10 2020"]
[Site "Magdeburg GER"]
[Date "2021.08.07"]
[Round "3"]
[White "Bartik, Hugo"]
[Black "Dodul, Alice"]
[Result "1/2-1/2"]
[Termination "normal"]
[Board "6.4"]
[WhiteElo "878"]
[BlackElo "1099"]
[WhiteTeam "SV Empor Erfurt"]
[BlackTeam "SV Hellas Nauen e.V."]
[PlyCount "128"]
[BlackFideId "34623817"]
[EventCountry "GER"]
[EventRounds "7"]
[EventType "team-swiss"]
[EventDate "2021.08.06"]

1. e4 e5 2. Nf3 Nc6 3. Nc3 Nf6 4. Bc4 Bc5 5. d3 h6 6. Be3 Bb6 7. Qd2 d6 8. h3
Be6 9. Bb3 Qd7 10. O-O-O O-O-O 11. Nd5 Bxd5 12. exd5 Bxe3 13. fxe3 Ne7 14. e4
b6 15. Kb1 Kb8 16. d4 c6 17. dxe5 Nxe4 18. Qe3 Nc5 19. exd6 Qxd6 20. a3 cxd5
21. Rhe1 Nf5 22. Qe5 Qxe5 23. Rxe5 Nxb3 24. cxb3 g6 25. Rexd5 Rxd5 26. Rxd5 Ne3
27. Rd2 Kc7 28. Re2 Nf5 29. Re5 Kd6 30. Re4 Kd5 31. Ra4 a5 32. b4 Ra8 33. bxa5
bxa5 34. b4 Kc6 35. bxa5 Kb5 36. Rb4+ Kxa5 37. Ne5 Nd6 38. Kb2 Ra6 39. Ng4 Rb6
40. Rxb6 Kxb6 41. Nxh6 f5 42. g3 Ne4 43. g4 f4 44. Kc2 f3 45. Kd1 Nf2+ 46. Ke1
Nxh3 47. Ng8 f2+ 48. Kf1 Kb5 49. Ne7 g5 50. Nf5 Ka4 51. Ng7 Kxa3 52. Ne6 Kb4
53. Nxg5 Nxg5 54. Kxf2 Kc5 55. Kg3 Kd6 56. Kf4 Ne6+ 57. Kf5 Ke7 58. Ke5 Kf7 59.
Kf5 Ke7 60. Ke5 Kf7 61. Kf5 Ke7 62. Ke4 Kf6 63. Kf3 Kg5 64. Kg3 Nd4 1/2-1/2

[Event "DVM U10 2020"]
[Site "Magdeburg GER"]
[Date "2021.08.07"]
[Round "3"]
[White "Hellenbroich, Hanno"]
[Black "Roos Nazario, Valentin"]
[Result "0-1"]
[Termination "normal"]
[Board "7.1"]
[WhiteElo "1287"]
[BlackElo "1204"]
[WhiteTeam "Lübecker SV von 1873"]
[BlackTeam "Tischtennisclub Grün-Weiß Fritzdorf 1958 e. V."]
[PlyCount "126"]
[WhiteFideId "16270762"]
[BlackFideId "16295722"]
[EventCountry "GER"]
[EventRounds "7"]
[EventType "team-swiss"]
[EventDate "2021.08.06"]

1. e4 c5 2. Nf3 Nc6 3. d4 cxd4 4. Nxd4 g6 5. Bb5 Bg7 6. Nxc6 bxc6 7. Bc4 d6 8.
O-O Nf6 9. Nc3 O-O 10. Qd3 Qc7 11. Rd1 Bb7 12. Bg5 Rad8 13. Bf4 Qb6 14. Be3 c5
15. Bd2 Rd7 16. Re1 Rfd8 17. Bb5 Bc6 18. Bc4 d5 19. exd5 Nxd5 20. Bxd5 Bxd5 21.
Na4 Qc6 22. Nc3 Bxg2 23. Qg3 Rxd2 24. Qxg2 Qxg2+ 25. Kxg2 Bxc3 26. bxc3 e6 27.
Rec1 Rb8 28. Rab1 Rxb1 29. Rxb1 Rxc2 30. Rb5 Rxa2 31. Rxc5 a5 32. Rc4 a4 33.
Rc5 a3 34. c4 Kf8 35. Ra5 Ke8 36. c5 Rc2 37. Rxa3 Rxc5 38. Rh3 h5 39. Ra3 Kf8
40. Kg3 Kg7 41. Ra4 Kh6 42. Ra7 f5 43. f3 e5 44. Re7 Rd5 45. Re8 f4+ 46. Kg2
Kg5 47. Re6 Rb5 48. Kh3 Kf5 49. Re8 Rb6 50. Rf8+ Rf6 51. Rxf6+ Kxf6 52. Kg2 Kf5
53. h4 e4 54. Kf2 exf3 55. Kxf3 Ke5 56. Kf2 Ke4 57. Ke2 f3+ 58. Kf1 Kf4 59. Kf2
Kg4 60. Kf1 Kxh4 61. Kg1 Kg3 62. Kh1 h4 63. Kg1 f2+ 0-1